Histoires extraordinaires / (Record no. 162335)

MARC details
000 -LEADER
campo de control de longitud fija 00780nam a22002175i 4500
001 - NÚMERO DE CONTROL
campo de control 162335
003 - IDENTIFICADOR DE NÚMERO DE CONTROL
campo de control ES-MaACL
005 - FECHA Y HORA DE LA ÚLTIMA TRANSACCIÓN
campo de control 20250714080904.0
008 - DATOS DE LONGITUD FIJA--INFORMACIÓN GENERAL
campo de control de longitud fija 041105s1870 fr |||| | fre d
040 ## - FUENTE DE CATALOGACIÓN
Centro catalogador/agencia de origen CAM
Lengua de catalogación spa
Centro/agencia transcriptor CAM
100 1# - ENTRADA PRINCIPAL--NOMBRE DE PERSONA
Nombre de persona Poe, Edgar Allan,
Fechas asociadas al nombre 1809-1849
9 (RLIN) 188384
245 10 - MENCIÓN DEL TÍTULO
Título Histoires extraordinaires /
Mención de responsabilidad, etc. por Edgar Poe ; traduction de Charles Baudelaire.
250 ## - MENCION DE EDICION
Mención de edición Nouvelle éd.
260 ## - PUBLICACIÓN, DISTRIBUCIÓN, ETC.
Lugar de publicación, distribución, etc. Paris :
Nombre del editor, distribuidor, etc. Michel Lévy Frères,
Fecha de publicación, distribución, etc. 1870 (
Lugar de fabricación/manufactura Clichy :
Fabricante Impr. M. Loignon, Paul Dupont et Cie)
300 ## - DESCRIPCIÓN FÍSICA
Extensión 330 p. ;
Dimensiones 19 cm.
490 1# - MENCIÓN DE SERIE
Mención de serie Collection Michel Lévy
700 1# - ENTRADA AGREGADA--NOMBRE PERSONAL
Nombre de persona Baudelaire, Charles.
9 (RLIN) 26513
830 00 - PUNTO DE ACCESO ADICIONAL DE SERIE-TÍTULO UNIFORME
Título uniforme Collection Michel Lévy
9 (RLIN) 182425
852 ## - LOCALIZACIÓN
Ubicación ES-MaACL
Número de control de estantería C-2707
Nota libre -- Enc. hol.
-- -- Legado M. de La Fuente
Holdings
Estatus retirado Estado de pérdida Estado de daño No para préstamo Colección Biblioteca de origen Biblioteca actual Ubicación en estantería Fecha de adquisición Fuente de adquisición Total de préstamos Signatura topográfica completa Código de barras Visto por última vez Precio de reemplazo Tipo de ítem Koha
        Libros del s. XIX Biblioteca del Ateneo de Madrid Biblioteca del Ateneo de Madrid Sala Palomar 17/01/2008     C-2707 1170069 23/02/2023 23/02/2023 Libro impreso antiguo